| 000 | 00658nam a2200229Ia 4500 | ||
|---|---|---|---|
| 999 |
_c41207 _d41207 |
||
| 001 | 7859 | ||
| 003 | GE_BSU | ||
| 005 | 20220927145643.0 | ||
| 008 | 181216s2012en xx |||||||||||||| ||eng|| | ||
| 020 | _a978058252917521 | ||
| 040 | _cGE_BSU | ||
| 041 | _aeng | ||
| 080 | _a811.111(075) A-18 | ||
| 100 |
_aAcklam,Richard _91671 |
||
| 245 |
_aGoing for GOLD : _bUpper intermediate. Coursebook / _cRichard Acklam. |
||
| 264 |
_aEdinburgh : _bLongman, _c2012. |
||
| 300 |
_a176 p _bIll; _c27cm. |
||
| 653 | _aGoing for GOLD | ||
| 653 | _aUpper intermediate. Coursebook | ||
| 653 | _aინგლისური გრამატიკა | ||
| 942 |
_cBK _2udc |
||